Capitale des pays de l'Océanie - Statistiques

Statistiques générales
  • Ce quiz a été pris 87 fois
  • Le résultat moyen est 10 sur 14
Statistiques - réponses
Pays Capitale % Correct
Australie Canberra
97%
Nouvelle-Zélande Wellington
96%
Fidji Suva
79%
Papouasie-Nouvelle- Guinée Port Moresby
76%
Samoa Apia
70%
Nauru Yaren
70%
Tuvalu Funafuti
69%
Micronésie Palikir
69%
Îles Salomon Honiara
66%
Palaos Ngerulmud
61%
Tonga Nuku’alofa
61%
Vanuatu Port-Vila
58%
Îles Marshall Majuro
55%
Kiribati Tarawa-Sud
46%
Aucun quiz correspondant
Distribution des résultats
% des personnes avec chaque résultat
Percentile par nombre de réponses
Votre historique - résultats
Vous n’avez pas pris ce quiz